00445nam a22001577a 4500003000500000005001700005008004100022020001500063040000600078082001400084100001800098245011100116260004200227300001000269500000800279NUST20170620134208.0170620b xxu||||| |||| 00| 0 eng d a1853834556 c0 a613.1 WER aWerna,Edmundo aHealthy City Projects in Developing Countries:bAn International Approach to local problemscEdmundo Werna aLondonbEarthscan publicationsc1998. a148p. aP.B